| 000 | 01026pam a2200313 a 4500 | ||
|---|---|---|---|
| 001 | 3007 | ||
| 005 | 20251218154540.0 | ||
| 020 | _a059099445X | ||
| 040 |
_aDLC _cDLC _dDLC _beng |
||
| 050 | 0 | 0 |
_aPZ8.3.B92 _b1994 |
| 082 | 0 | 0 | _a813.54 |
| 100 | 1 |
_aBunting, Eve _d1928- |
|
| 245 | 1 | 0 |
_aFlower garden / _cwritten by Eve Bunting ; illustrated by Kathryn Hewitt. |
| 250 | _aFirst published in 1994 | ||
| 260 |
_aNew York : _bScholastic , _c1994 |
||
| 300 |
_a29 unnumbered pages : _bcolor illustrations ; _c25 cm . |
||
| 505 | _aJ | ||
| 520 | _aHelped by her father, a young girl prepares a flower garden as a birthday surprise for her mother. | ||
| 521 |
_a460
_bLexile |
||
| 521 |
_aJ
_bRaz-Plus |
||
| 650 | 1 |
_aGardening _vFiction. |
|
| 650 | 1 |
_aParent and child _vFiction. |
|
| 650 | 1 |
_aBirthdays _vFiction. |
|
| 650 | 1 |
_aAfrican Americans _vFiction. |
|
| 650 | 1 | _aStories in rhyme. | |
| 700 | 1 |
_aHewitt, Kathryn _eillustrator |
|
| 906 |
_a7 _bcbc _corignew _d1 _eocip _f19 _gy-gencatlg |
||
| 942 |
_2ddc _cBK _n0 |
||
| 999 |
_c3007 _d3007 |
||